[Event "AUT-ch Open 2020"]
[Site "Graz"]
[Date "2020.02.20"]
[Round "8.22"]
[White "Magold, Victor"]
[Black "Milikow, Elie"]
[Result "0-1"]
[WhiteElo "2025"]
[BlackElo "2208"]
[Annotator "TA"]
[PlyCount "34"]
[EventDate "2020.02.14"]
[EventType "swiss"]
[EventCountry "AUT"]
[SourceTitle "playchess.com"]
[Source "ChessBase"]
[SourceQuality "1"]

{[%evp 10,150,15,21,28,35,40,26,56,25,22,7,43,18,13,18,31,22,17,11,16,17,20,4,30,-14,-12,-13,30,32,37,37,45,34,45,14,49,22,23,16,7,0,23,22,24,0,16,0,14,0,0,0,0,0,0,0,16,0,35,0,52,24,40,-47,28,39,31,-74,-74,-119,-67,-97,-54,-50,-38,-45,-4,-2,-6,-25,-11,-20,0,0,0,-5,-6,-37,0,0,0,-28,-29,-41,-32,-45,-34,-36,-31,-56,-59,-54,-26,-12,-12,-250,-252,-579,-570,-674,-669,-670,-655,-655,-625,-964,-943,-847,-832,-934,-927,-877,-854,-798,-802,-1301,-986,-1402,-1040,-1625,-1601,-1450,-1045,-1601,-1487,-1365,-1023,-4926,-4918,-4614,-4103,-29979,-29981]} 1. d4 Nf6 2. Nf3 g6 3. Nbd2 Bg7 4. e4 d6 5. Bd3 O-O 6. O-O Nfd7 {B07: Pirc Defence: Miscellaneous Systems.} 7. c3 e5 8. dxe5 dxe5 {[#] White has an edge.} 9. b4 $146 ({Predecessor:} 9. Nc4 h6 10. b4 Re8 11. Ne3 a5 12. Bc4 Nb6 13. Qxd8 Rxd8 14. Ba3 axb4 15. Bxb4 Nxc4 16. Nxc4 {½-½ (49) Bintakies,M (2190)-Telljohann,S (2404) München 2015}) 9... a5 10. b5 Qe7 11. Nc4 Nc5 12. Ba3 b6 13. Qe2 Bb7 14. Nfd2 Nbd7 15. Nb3 Rfd8 16. Ne3 Bf8 17. c4 Qh4 {Played: Qe7-g5} 0-1

[Event "AUT-ch Open 2020"]
[Site "Graz"]
[Date "2020.02.20"]
[Round "8.23"]
[White "Barp, Alberto"]
[Black "Pasti, Aron"]
[Result "1/2-1/2"]
[WhiteElo "2247"]
[BlackElo "2247"]
[Annotator "TA"]
[PlyCount "116"]
[EventDate "2020.02.14"]
[EventType "swiss"]
[EventCountry "AUT"]
[SourceTitle "playchess.com"]
[Source "ChessBase"]
[SourceQuality "1"]

{[%evp 17,116,31,30,30,17,35,32,24,16,27,20,30,25,42,43,33,73,79,74,74,81,66,55,19,25,17,68,75,59,60,142,142,142,144,155,148,155,148,199,202,200,197,195,182,182,178,218,212,206,182,236,205,284,278,297,297,691,647,608,581,1008,980,963,956,438,0,0,0,0,0,29975,29975,5591,0,0,0,0,0,0,0,0,0,0,0,0,0,0,0,0,0,0,0,0,0,0,0,0,0,0,0,0]} 1. d4 d5 2. Nf3 Nf6 3. c4 e6 4. g3 dxc4 5. Bg2 Nc6 6. Qa4 Bb4+ 7. Bd2 Nd5 8. Bxb4 Ndxb4 9. O-O Rb8 10. Na3 {E04: Open Catalan: 5 Nf3.} a6 11. Ne5 {[%cal Re5c6]} O-O {Threatens to win with ...b5.} 12. Nxc6 {White is slightly better.} ({Reject} 12. Naxc4 b5 $15) 12... Nxc6 13. Bxc6 bxc6 14. Nxc4 Qxd4 15. Rfd1 Qe4 16. Rd2 {[#]} Bb7 $146 ({Predecessor:} 16... Rb5 17. Rc1 e5 18. b3 Qg4 19. Qa3 Qe6 20. Na5 Bd7 21. Rcd1 Be8 22. Nc4 f5 {½-½ (34) Stephan,J (2555)-Plomp,M (2540) ICCF email 2011}) 17. Rad1 c5 {[%csl Gb7][%cal Re4h1]} 18. f3 Qc6 19. Qxc6 Bxc6 20. Ne5 Bb5 21. b3 f6 (21... c4 $11) 22. Nd7 $14 Bxd7 23. Rxd7 Rf7 {[#]} (23... c4 $14) 24. Rxf7 $1 $16 Kxf7 {[%mdl 4096] Endgame KR-KR} 25. Rd7+ {[%mdl 64] Double Attack} Kg6 26. Rxc7 Rb5 27. Kf2 a5 (27... f5 $16 28. Rc6 Ra5) 28. Ra7 $18 c4 29. bxc4 Rc5 30. Ke3 Rxc4 31. Rxa5 Rc2 32. Ra7 Rb2 33. Kd3 Rb1 (33... h5 {is a better defense.} 34. a4 Ra2) 34. a4 Ra1 35. a5 Ra3+ 36. Kc4 Re3 $2 (36... Ra2 37. Kb3 Ra1) 37. a6 Rxe2 38. Re7 Rxh2 39. a7 Ra2 40. Kb5 e5 41. g4 $2 (41. Kb6 $18) 41... h5 $11 42. Kb6 {aiming for gxh5+.} hxg4 43. fxg4 Kg5 $2 {[%mdl 8192] [#]} (43... Rb2+ $11 44. Kc7 Ra2) 44. Rxg7+ Kf4 45. Kb7 $2 ({White must play} 45. Rg8 $18 e4 46. a8=Q Rxa8 47. Rxa8 Kxg4 48. Kc5 Kg5 49. Kd5 Kf4 50. Kd4) 45... Rb2+ {The position is equal.} 46. Kc8 Ra2 47. Kb8 Rb2+ 48. Rb7 Ra2 49. Rb4+ e4 50. a8=Q Rxa8+ 51. Kxa8 f5 52. gxf5 Kxf5 {KR-KP} 53. Kb7 e3 54. Kc6 {Intending Kd5 and mate.} e2 55. Rb1 {Re1 would kill now.} Ke4 56. Kc5 {Threatening mate with Kc4.} Kd3 57. Re1 Kd2 58. Rxe2+ Kxe2 {Accuracy: White = 91%, Black = 59%.} 1/2-1/2

[Event "AUT-ch Open 2020"]
[Site "Graz"]
[Date "2020.02.20"]
[Round "8.23"]
[White "Andolfatto, Maria"]
[Black "Bauer, Thomas"]
[Result "0-1"]
[WhiteElo "1982"]
[BlackElo "2201"]
[Annotator "TA"]
[PlyCount "88"]
[EventDate "2020.02.14"]
[EventType "swiss"]
[EventCountry "AUT"]
[SourceTitle "playchess.com"]
[Source "ChessBase"]
[SourceQuality "1"]

{[%evp 21,88,12,23,17,9,19,18,17,17,0,37,17,29,23,36,48,72,33,35,20,13,8,15,15,86,49,113,37,50,37,121,104,114,110,109,121,100,129,113,0,90,0,56,46,92,0,0,0,88,-109,0,-55,0,-120,-55,-74,0,-124,-106,-1774,-1115,-1161,-1052,-12832,-12832,-12833,-12831,-753,-352]} 1. Nf3 d5 2. c4 e6 3. g3 Nf6 4. Bg2 Be7 5. O-O O-O 6. d4 dxc4 7. Qc2 a6 8. a4 Bd7 9. Qxc4 Bc6 10. Bg5 a5 {10...Nbd7 is becoming the main line.} 11. Nc3 Na6 12. Bxf6 {E05: Open Catalan: 5 Nf3 Be7.} Bxf6 13. e4 g6 14. Rad1 {The position is equal.} Nb4 15. Rfe1 {[#]} Qb8 $146 ({Predecessor:} 15... Bg7 16. h4 Re8 17. Ng5 Re7 18. d5 exd5 19. exd5 Be8 20. Nb5 Bxb5 21. axb5 h6 {½-½ (35) Dyachkov,S (2545)-Bakre,T (2464) Alushta 2003}) 16. b3 Rd8 17. h4 Ra6 18. h5 Bg7 19. Rd2 Be8 {Strongly threatening ...Rc6.} 20. Qe2 c5 {[%cal Rc5d4]} 21. e5 cxd4 22. Nxd4 Bh6 (22... Ra8 $11) 23. Rdd1 Rb6 (23... Ra8 $14) 24. Ncb5 (24. Ndb5 $16) 24... Nd5 25. Qg4 Bg7 (25... Bf8 $1 $14) 26. Qh4 Bxb5 27. Nxb5 Rd7 28. Bxd5 exd5 29. Qg4 Qe8 30. Qf4 (30. Kg2 $16) 30... gxh5 (30... Re6 $1 $11) 31. Qf3 (31. Qh4 $16) 31... Bxe5 (31... Re6 $11) 32. Rxd5 Rxd5 {[#]} 33. Qxd5 (33. Nc7 $1 $16 {[%cal Rc7e8][%mdl 512]} Qd8 (33... Bxc7 34. Rxe8+) 34. Nxd5) 33... Re6 $11 34. Qxb7 h4 (34... Qd8 $11 {keeps the balance.}) 35. Kg2 $2 {[#]} (35. Rc1 $1 $16 {[%cal Rc1c8] Hoping for Rc8.} Kg7 36. Rc8) 35... hxg3 ({Better is} 35... Qd8 $1 $17 {...hxg3 is the strong threat.} 36. Qf3 hxg3 37. fxg3 Rf6) 36. fxg3 ({White should play} 36. Nc7 $11 Bxc7 37. Rxe6 fxe6 38. Qxc7 {[%mdl 64] Double Attack}) 36... Qd8 ({Black should try} 36... Rg6 $1 $15 37. Qf3 Qb8) 37. Qf3 (37. Rf1 $1 $11 {was the only way to keep the balance.} Re7 38. Qf3) 37... Qg5 (37... Rf6 $17 38. Qe3 (38. Qe4 Qd2+ 39. Re2 Qd1 $17) 38... Qd5+ 39. Qe4 Qxb3) 38. Re4 {[#] Threatens to win with Rg4.} h5 (38... Rg6 $1 $17 {[%cal Re5g3]} 39. Qe3 Bxg3 40. Qxg5 Rxg5) 39. Na3 (39. Qe3 $1 $11 Qf5 40. Qe2) 39... Rg6 $36 {[%cal Re5g3][%mdl 2048] White is under strong pressure.} 40. Re3 $2 {[%mdl 8192] Now White is beyond hope.} (40. Qe3 $17 Qxg3+ 41. Qxg3 Rxg3+ 42. Kf2) 40... h4 {Black is clearly winning.} 41. Nc4 Bxg3 {aiming for ...Bf4+.} 42. Kh3 Bf4 43. Re8+ Kh7 {( -> ...Qf5+)} 44. Ne3 Qg3+ {Accuracy: White = 53%, Black = 54%.} 0-1

[Event "AUT-ch Open 2020"]
[Site "Graz"]
[Date "2020.02.20"]
[Round "8.24"]
[White "Diermair, Andreas"]
[Black "Yeritsyan, Aram"]
[Result "1-0"]
[WhiteElo "2483"]
[BlackElo "2283"]
[Annotator "TA"]
[PlyCount "139"]
[EventDate "2020.02.14"]
[EventType "swiss"]
[EventCountry "AUT"]
[SourceTitle "playchess.com"]
[Source "ChessBase"]
[SourceQuality "1"]

{[%evp 9,139,16,29,26,29,24,26,10,16,10,36,39,41,38,34,31,41,35,39,33,56,50,45,33,42,28,38,27,24,29,38,31,70,48,58,43,131,126,112,124,174,185,247,245,291,278,335,343,316,298,292,287,341,223,222,221,221,222,220,220,218,221,218,215,238,238,360,360,360,360,923,869,823,650,565,500,2435,1018,2306,2096,3173,3368,29960,29962,29960,29963,29958,3377,2241,2186,2186,2171,2171,0,2164,2149,2142,2142,2142,2149,2149,2127,2106,1999,1999,2108,2059,1541,1393,1485,922,543,29960,29961,29955,10132,29954,12837,5125,3067,29968,29969,29969,29970,29971,29970,29971,29972,29964,29956,29972,29972]} 1. Nf3 Nf6 2. c4 e6 3. g3 a6 4. b3 b5 5. e3 {[#]} b4 $146 ({Predecessor:} 5... bxc4 6. bxc4 Bb7 7. Nc3 d6 8. Rb1 Ra7 9. Bg2 Nbd7 10. O-O c5 11. Qa4 Be7 {1-0 (39) Bistric,F (2456)-Van Hoolandt,P (2176) Kastav 2001}) 6. a3 {A13: English Opening: 1...e6.} Bb7 7. axb4 Bxb4 8. Bg2 {White has an edge.} O-O 9. O-O d5 10. Bb2 dxc4 11. bxc4 Nbd7 12. Nc3 c5 13. Qe2 Qc7 14. Rfd1 h6 15. d3 Rfd8 16. Ra2 Bc6 17. Ba1 a5 18. Nb5 Qb7 19. Nh4 Bxg2 20. Nxg2 Qc6 21. Nf4 e5 22. Ng2 e4 {[#] White stays focused until the end.} (22... Ne8 $14) 23. d4 $1 $16 cxd4 24. exd4 Nb6 25. Ne3 Rab8 (25... Qc8 $142 26. d5 Nbd7) 26. d5 $18 Nbxd5 27. Nd4 ({Weaker is} 27. Rxd5 Nxd5 28. Nd4 Qb7 $16) 27... Nxe3 28. Nxc6 Rxd1+ {[#]} 29. Qxd1 $3 {[%mdl 512]} Nxd1 30. Nxb8 e3 31. fxe3 Nxe3 32. Bxf6 $1 gxf6 {[%mdl 4096] Endgame [#] KRN-KBN} 33. Nd7 $1 Nxc4 34. Nxf6+ Kg7 35. Nd5 Bc5+ 36. Kh1 {Strongly threatening Rc2.} Ne3 37. Rxa5 Nxd5 (37... Bd4 {might work better.} 38. Nxe3 Bxe3) 38. Rxc5 {KR-KN} Ne3 39. Rc6 f6 $2 (39... Kh7 40. Kg1 Kg7) 40. Re6 Nc4 41. Kg2 Ne5 42. Kf2 h5 (42... Ng4+ $142 43. Kg2 h5) 43. h3 (43. h4 $142 Kg6 44. Ra6) 43... Kg6 44. Ke3 Nf7 45. Ra6 Ng5 46. h4 Nf7 47. Ke4 Nh6 48. Ra3 (48. Ra5 $142 Ng4 49. Kd5 Kf7 50. Ra7+ Kg6 51. Ke6 Nf2 52. Ra5 Ne4 53. Rf5) 48... Nf5 49. Kd5 Kf7 50. Ra7+ Kg6 51. Ra3 Kf7 52. Rf3 Kg6 53. Rf2 Ng7 54. Kd6 Kf7 55. Kd7 Ne6 56. Rf5 Ng7 57. Rf3 Ne6 58. Kd6 Ng7 59. Ra3 Nf5+ 60. Kd5 Ne7+ 61. Ke4 Kg6 62. Ra5 Nc6 63. Rb5 Ne7 64. Rc5 Ng8 65. Kd5 {White mates.} Kf5 66. Kd6+ Kg6 67. Ke6 Nh6 68. Ra5 Nf7 69. Ra8 Nh6 70. Rf8 {Accuracy: White = 87%, Black = 52%.} 1-0

[Event "AUT-ch Open 2020"]
[Site "Graz"]
[Date "2020.02.20"]
[Round "8.25"]
[White "Molnar, Bela"]
[Black "Stanec, Nikolaus"]
[Result "0-1"]
[WhiteElo "2312"]
[BlackElo "2520"]
[Annotator "ChessBase"]
[PlyCount "62"]
[EventDate "2020.02.14"]
[EventType "swiss"]
[EventCountry "AUT"]
[SourceTitle "playchess.com"]
[Source "ChessBase"]
[SourceQuality "1"]
[TimeControl "40/5400+30:1800+30"]

1. e4 {[%emt 0:00:00]} c5 {[%emt 0:00:38]} 2. Nf3 {[%emt 0:00:00]} Nc6 {[%emt 0:00:09]} 3. d4 {[%emt 0:00:00]} cxd4 4. Nxd4 Nf6 {[%emt 0:00:52]} 5. Nc3 {[%emt 0:00:37]} d6 {[%emt 0:00:04]} 6. Bg5 {[%emt 0:00:45]} e6 {[%emt 0:00:07]} 7. Qd2 {[%emt 0:00:53]} a6 {[%emt 0:00:08]} 8. O-O-O {[%emt 0:01:01]} Bd7 {[%emt 0:00:07]} 9. Kb1 {[%emt 0:00:27]} h6 {[%emt 0:01:15]} 10. Bxf6 {[%emt 0:02:31]} Qxf6 {[%emt 0:00:10]} 11. Nxc6 {[%emt 0:00:23]} Bxc6 {[%emt 0:04:08]} 12. h4 {[%emt 0:00:42]} Qd8 {[%emt 0:01:06]} 13. f4 {[%emt 0:08:52]} b5 {[%emt 0:00:58]} 14. Rh3 {[%emt 0:00:18]} Be7 {[%emt 0:02:34]} 15. Bd3 {[%emt 0:05:06]} Bxh4 {[%emt 0:07:15]} 16. Qe3 {[%emt 0:00:38]} Be7 {[%emt 0:02:04]} 17. Qg3 {[%emt 0:08:42]} g5 {[%emt 0:15:09]} 18. fxg5 {[%emt 0:04:30]} Bxg5 {[%emt 0:00:07]} 19. Be2 {[%emt 0:00:24]} Qb6 {[%emt 0:20:01]} 20. Qxd6 {[%emt 0:11:32]} Rd8 {[%emt 0:01:06]} 21. Qe5 {[%emt 0:00:12]} Rxd1+ {[%emt 0:00:30]} 22. Nxd1 {[%emt 0:02:07]} O-O {[%emt 0:00:31]} 23. Rg3 {[%emt 0:01:33]} Rd8 {[%emt 0:01:59]} 24. Bd3 {[%emt 0:00:20]} Kf8 {[%emt 0:08:26]} 25. Rf3 {[%emt 0:03:05]} Qg1 {[%emt 0:02:47]} 26. a3 {[%emt 0:05:12]} Qxd1+ {[%emt 0:00:47]} 27. Ka2 {[%emt 0:00:07]} Qg1 {[%emt 0:07:28]} 28. Qxe6 {[%emt 0:01:46]} Be8 {[%emt 0:00:52]} 29. Qxa6 {[%emt 0:03:19]} Qxg2 {[%emt 0:01:29]} 30. Rf5 {[%emt 0:00:16]} Bd7 {[%emt 0:01:34]} 31. Rc5 {[%emt 0:05:21]} Be6+ {[%emt 0:00:26]} 0-1

[Event "AUT-ch Open 2020"]
[Site "Graz"]
[Date "2020.02.20"]
[Round "8.26"]
[White "Caglar, Sila"]
[Black "Horvath, Dominik"]
[Result "0-1"]
[WhiteElo "2268"]
[BlackElo "2450"]
[Annotator "TA"]
[PlyCount "94"]
[EventDate "2020.02.14"]
[EventType "swiss"]
[EventCountry "AUT"]
[SourceTitle "playchess.com"]
[Source "ChessBase"]
[SourceQuality "1"]

{[%evp 12,94,34,13,12,17,23,9,3,11,18,22,12,30,38,-16,-21,-25,0,0,-11,-54,-49,-47,-53,-131,-123,-133,-118,-146,-109,-142,-95,-87,-91,-123,-100,-137,-42,-46,41,53,46,12,29,-89,27,-41,-51,-45,-43,-33,-43,-49,-43,-120,-116,-237,-231,-260,-246,-287,-284,-565,-568,-593,-561,-751,-738,-723,-706,-719,-718,-688,-724,-719,-715,-1014,-1095,-921,-950,-29996,-29997,-29997,-29998]} 1. e4 e5 2. Nf3 Nc6 3. Bc4 Bc5 4. O-O Nf6 5. d3 d6 6. c3 h6 7. Re1 a5 {C54: Giuoco Piano: 4 c3 Nf6, main lines with 5 d4 and 5 d3.} 8. Nbd2 O-O 9. h3 Be6 {The position is equal.} 10. Bb5 Ne7 11. d4 exd4 12. cxd4 Ba7 13. Nf1 {[#]} (13. Bd3 $14) 13... d5 $146 ({Predecessor:} 13... Ng6 14. Ng3 d5 15. e5 Ne4 16. Nxe4 dxe4 17. Rxe4 Qd5 18. Bd3 c5 19. Re1 cxd4 20. Bd2 Rac8 21. Qa4 Bb8 22. Qxa5 Rc5 23. Qa3 Re8 24. Be4 {1-0 (24) Bacrot,E (2684)-Vrolijk,L (2433) chess.com INT 2019}) 14. e5 Ne4 15. Bd3 Nf5 16. Bxe4 dxe4 17. Rxe4 c5 18. Be3 (18. Qd3 $15) 18... Qd5 $1 $17 {[%cal Rd5e4]} 19. Rf4 cxd4 $1 20. Bd2 Rac8 21. Qa4 g5 22. Rg4 Ng7 23. N1h2 Rc4 24. Qa3 Bc5 (24... Rc2 $17 25. Qxa5 Qxa5 26. Bxa5 Bxg4 27. Nxg4 Nf5) 25. Qxa5 $15 Bxg4 (25... Qc6 $15 26. a4 Kh8) 26. Nxg4 $14 Qc6 $1 {...Ra4 is the strong threat.} 27. b4 Be7 {[#]} 28. Qa3 (28. e6 $1 $11 {[%mdl 512]} f6 (28... Qxe6 29. Re1) 29. Nxh6+ Kh7 30. Ng4) 28... b5 {[#]} (28... Qg6 $17 {aiming for ...Ne6.} 29. Qa7 h5 30. Nf6+ Bxf6 31. exf6 Qxf6 32. Bxg5 Qa6 33. Qxa6 bxa6) 29. Qd3 (29. e6 $1 $11 {[%mdl 512]} Qxe6 30. Re1) 29... Qg6 $36 {[%mdl 2048] Black has the initiative.} 30. Qxg6 fxg6 31. Nxh6+ Kh7 32. Ng4 Ne6 33. Kf1 ({Better is} 33. Nf6+ $1 $15 Bxf6 34. exf6 Rxf6 35. Kf1) 33... Kg7 $17 ({Don't play} 33... Bxb4 $6 34. Nxg5+ Nxg5 35. Bxg5 $11) 34. a4 {Now White is beyond hope.} (34. a3 $17) 34... Ra8 $19 ({Inferior is} 34... Bxb4 35. axb5 Rxf3 36. Bxb4 $11) 35. a5 {intending Rb1.} Bxb4 36. Rb1 Bxa5 37. Rxb5 $2 (37. Bxg5 Nxg5 38. Nxg5) 37... Bxd2 38. Rb7+ Kf8 {Strongly threatening ...Rc1+.} 39. Nxd2 Ra1+ 40. Ke2 Nf4+ {[%mdl 64] Double Attack} 41. Kf3 Rc3+ 42. Ne3 dxe3 43. fxe3 Nd5 44. Kg4 Rxe3 {( -> ...Ra4+)} 45. Kxg5 Rxe5+ 46. Kh6 Rh5+ 47. Kxg6 Nf4+ {[%mdl 64] Double Attack. Accuracy: White = 29%, Black = 77%.} 0-1

[Event "AUT-ch Open 2020"]
[Site "Graz"]
[Date "2020.02.20"]
[Round "8.27"]
[White "Milikow, Yoav"]
[Black "David, Alexandru-Vasile"]
[Result "1-0"]
[WhiteElo "2296"]
[BlackElo "2436"]
[Annotator "NA"]
[PlyCount "69"]
[EventDate "2020.02.14"]
[EventType "swiss"]
[EventCountry "AUT"]
[SourceTitle "playchess.com"]
[Source "ChessBase"]
[SourceQuality "1"]
[TimeControl "40/5400+30:1800+30"]

1. d4 {[%emt 0:00:00]} Nf6 {[%emt 0:00:00]} 2. c4 {[%emt 0:00:00]} e6 {[%emt 0:00:00]} 3. Nc3 {[%emt 0:00:00]} Bb4 4. Qc2 b6 {[%emt 0:00:06]} 5. e4 {[%emt 0:00:57]} c5 {[%emt 0:00:05]} 6. d5 {[%emt 0:00:46]} Qe7 {[%emt 0:00:18]} 7. Nge2 {[%emt 0:01:24]} exd5 {[%emt 0:00:21]} 8. exd5 {[%emt 0:00:13]} d6 {[%emt 0:00:06]} 9. Bd2 {[%emt 0:01:20]} O-O {[%emt 0:02:05]} 10. f3 {[%emt 0:05:47]} Ba6 {[%emt 0:04:13]} 11. O-O-O {[%emt 0:02:09]} Bxc4 {[%emt 0:03:55]} 12. Ng3 {[%emt 0:00:50]} Bxd5 {[%emt 0:01:03]} 13. Nf5 {[%emt 0:05:18]} Qd7 {[%emt 0:03:01]} 14. Nxd5 {[%emt 0:04:06]} Nxd5 {[%emt 0:01:01]} 15. Bg5 {[%emt 0:02:50]} Nc7 {[%emt 0:03:02]} 16. Rxd6 {[%emt 0:02:00]} Qe8 {[%emt 0:00:05]} 17. Ne7+ {[%emt 0:04:53]} Kh8 {[%emt 0:00:05]} 18. Rh6 {[%emt 0:01:28]} f5 {[%emt 0:00:05]} 19. Ng6+ {[%emt 0:00:56]} Qxg6 {[%emt 0:00:06]} 20. Rxg6 {[%emt 0:00:05]} hxg6 {[%emt 0:00:03]} 21. h4 {[%emt 0:01:49]} Nc6 {[%emt 0:00:34]} 22. h5 {[%emt 0:00:44]} Kh7 {[%emt 0:00:04]} 23. g4 {[%emt 0:04:30]} Ne6 {[%emt 0:03:17]} 24. hxg6+ {[%emt 0:02:28]} Kxg6 {[%emt 0:00:07]} 25. gxf5+ {[%emt 0:00:17]} Rxf5 {[%emt 0:06:05]} 26. Bh3 {[%emt 0:00:51]} Raf8 {[%emt 0:00:19]} 27. Bxf5+ {[%emt 0:06:52]} Rxf5 {[%emt 0:00:09]} 28. Qe4 {[%emt 0:03:32]} Ncd4 {[%emt 0:00:52]} 29. Be3 {[%emt 0:01:40]} Kf6 {[%emt 0:01:52]} 30. a3 {[%emt 0:04:41]} Nb3+ {[%emt 0:00:10]} 31. Kc2 {[%emt 0:01:04]} Ned4+ {[%emt 0:00:11]} 32. Bxd4+ {[%emt 0:01:11]} Nxd4+ {[%emt 0:00:09]} 33. Kd1 {[%emt 0:00:38]} Bxa3 {[%emt 0:03:08]} 34. bxa3 {[%emt 0:00:11]} Rxf3 {[%emt 0:00:05]} 35. Re1 {[%emt 0:00:53]} 1-0

[Event "AUT-ch Open 2020"]
[Site "Graz"]
[Date "2020.02.20"]
[Round "8.28"]
[White "Halvax, Georg"]
[Black "Godzwon, Iwo"]
[Result "1/2-1/2"]
[WhiteElo "2428"]
[BlackElo "2321"]
[Annotator "NA"]
[PlyCount "74"]
[EventDate "2020.02.14"]
[EventType "swiss"]
[EventCountry "AUT"]
[SourceTitle "playchess.com"]
[Source "ChessBase"]
[SourceQuality "1"]
[TimeControl "40/5400+30:1800+30"]

1. e4 {[%emt 0:00:00]} c5 {[%emt 0:00:00]} 2. Nf3 {[%emt 0:00:00]} e6 {[%emt 0:00:00]} 3. d4 {[%emt 0:00:00]} cxd4 {[%emt 0:00:00]} 4. Nxd4 {[%emt 0:00:08]} Nc6 {[%emt 0:00:00]} 5. Nc3 {[%emt 0:00:16]} a6 {[%emt 0:00:00]} 6. Be3 {[%emt 0:01:09]} Nf6 {[%emt 0:00:00]} 7. Qd2 {[%emt 0:00:44]} e5 {[%emt 0:00:00]} 8. Nf5 {[%emt 0:32:15]} d5 {[%emt 0:00:00]} 9. exd5 {[%emt 0:00:25]} Nb4 {[%emt 0:00:04]} 10. Ng3 {[%emt 0:05:03]} Nbxd5 {[%emt 0:04:13]} 11. Nxd5 {[%emt 0:00:20]} Qxd5 {[%emt 0:02:26]} 12. c4 {[%emt 0:04:23]} Qxd2+ {[%emt 0:02:47]} 13. Bxd2 {[%emt 0:00:14]} Be6 {[%emt 0:04:09]} 14. Bc3 {[%emt 0:03:34]} Bc5 {[%emt 0:00:58]} 15. f3 {[%emt 0:03:37]} O-O-O {[%emt 0:01:04]} 16. Be2 {[%emt 0:04:36]} Bd4 {[%emt 0:06:08]} 17. Bxd4 {[%emt 0:05:35]} Rxd4 {[%emt 0:00:05]} 18. Rd1 {[%emt 0:00:10]} Rhd8 {[%emt 0:00:56]} 19. Rxd4 {[%emt 0:00:36]} Rxd4 {[%emt 0:00:20]} 20. b3 {[%emt 0:00:34]} Kc7 {[%emt 0:03:10]} 21. Nf1 {[%emt 0:02:29]} Nd7 {[%emt 0:10:43]} 22. Nd2 {[%emt 0:07:31]} Nc5 {[%emt 0:00:24]} 23. Kd1 {[%emt 0:03:41]} Bf5 {[%emt 0:12:01]} 24. Kc1 {[%emt 0:01:32]} Bd3 {[%emt 0:00:28]} 25. Re1 {[%emt 0:01:58]} f6 {[%emt 0:01:41]} 26. Kb2 {[%emt 0:04:09]} Bg6 {[%emt 0:06:00]} 27. Kc3 {[%emt 0:01:39]} Nd3 {[%emt 0:04:30]} 28. Rd1 {[%emt 0:01:20]} b5 {[%emt 0:00:07]} 29. cxb5 {[%emt 0:03:07]} axb5 {[%emt 0:00:01]} 30. a3 {[%emt 0:00:10]} Kb6 {[%emt 0:18:31]} 31. g3 {[%emt 0:00:13]} Nc5 {[%emt 0:00:04]} 32. Nf1 {[%emt 0:02:52]} Bf7 {[%emt 0:02:44]} 33. Rxd4 {[%emt 0:01:41]} exd4+ {[%emt 0:00:02]} 34. Kxd4 {[%emt 0:00:07]} Nxb3+ {[%emt 0:00:02]} 35. Kc3 {[%emt 0:01:06]} Kc5 {[%emt 0:00:04]} 36. Bd1 {[%emt 0:00:43]} Nd4 {[%emt 0:00:06]} 37. Nd2 {[%emt 0:00:07]} Bd5 {[%emt 0:01:20]} 1/2-1/2

[Event "AUT-ch Open 2020"]
[Site "Graz"]
[Date "2020.02.20"]
[Round "8.29"]
[White "Handler, Lukas"]
[Black "Rieger, Robert"]
[Result "1-0"]
[WhiteElo "2422"]
[BlackElo "2320"]
[Annotator "TA"]
[PlyCount "65"]
[EventDate "2020.02.14"]
[EventType "swiss"]
[EventCountry "AUT"]
[SourceTitle "playchess.com"]
[Source "ChessBase"]
[SourceQuality "1"]

{[%evp 9,65,30,27,14,9,6,39,43,44,55,51,4,53,54,58,0,78,78,93,76,85,52,61,70,67,47,57,75,54,33,36,25,152,148,156,147,123,115,199,202,183,148,194,183,205,200,256,237,179,25,131,131,215,218,856,856,818,707]} 1. d4 d5 2. c4 c6 3. Nf3 Nf6 4. e3 Bf5 5. Nc3 a6 6. Bd2 {D15: Slav Defence: 4 Nc3 a6 and gambit lines after 4 Nc3 dxc4.} e6 7. Nh4 Be4 (7... Bg4 $5 {[%cal Rg4d1]} 8. Qc2 Bb4 $11) 8. f3 {White is slightly better.} Bg6 9. Nxg6 hxg6 10. Qb3 Ra7 {[#]} 11. c5 $146 ({Predecessor:} 11. Bd3 dxc4 12. Bxc4 b5 13. Be2 c5 14. dxc5 Bxc5 15. O-O-O Rd7 16. Qc2 Qb6 17. e4 {½-½ (28) Krishna,C (2421)-Antipov,M (2588) Stockholm 2017}) 11... Nbd7 12. Na4 (12. O-O-O $14) 12... Qc7 (12... Nh5 $1 $11) 13. g3 Be7 14. O-O-O g5 15. g4 Rxh2 16. Bd3 Qb8 17. Kb1 Bd8 18. e4 dxe4 19. Bxe4 Qg3 20. Nc3 Be7 (20... a5 $11 {keeps the balance.}) 21. Bxg5 $16 Nd5 22. Bc1 $1 ({Resist} 22. Bxd5 $6 cxd5 23. Bxe7 Kxe7 $16) 22... Nxc3+ 23. Qxc3 Nf6 (23... g5 $16) 24. Rxh2 $18 Qxh2 25. g5 $1 {[%cal Rg5f6]} Nxe4 26. fxe4 Qg2 27. Qe3 Ra8 28. Rg1 Qh2 {[#]} 29. g6 $2 (29. d5 $1 $18 {[%mdl 512]}) 29... fxg6 (29... Rd8 $1 $11 {remains equal.}) 30. Rxg6 $16 Bf6 (30... Kf7 $16 {was worth a try.} 31. Rxe6 Rh8 32. Qf3+ Bf6) 31. Qb3 $18 {[%mdl 64] Double Attack} Qc7 $2 (31... Kf7) 32. Qxe6+ Qe7 33. Qf5 {Accuracy: White = 77%, Black = 41%.} ({Less strong is} 33. Qg8+ Kd7 $16) 1-0